Environmentally compatible food packaging

Αποθηκεύτηκε σε:
Λεπτομέρειες βιβλιογραφικής εγγραφής
Άλλοι συγγραφείς: Chiellini, Emo (Επιμελητής έκδοσης)
Μορφή: Βιβλίο
Γλώσσα:English
Δημοσίευση: Boca Raton : Cambridge : CRC Press, Woodhead Publishing, 2008
Σειρά:Woodhead Publishing in food science, technology and nutrition
Θέματα:
Ετικέτες: Προσθήκη ετικέτας
Δεν υπάρχουν, Καταχωρήστε ετικέτα πρώτοι!

MARC

LEADER 00000nam a2200000 i 4500
001 1/103271
008 090326s2008 eng d
020 |a 978-1-84569-194-3 (Woodhead Publishing) 
020 |a 978-1-4200-7789-6 (CRC Press) 
035 |l 10103982 
040 |a GR-MY-UA  |b gre  |e aacr 
041 0 |a eng 
082 0 |a 664.09  |2 (22) 
245 1 0 |a Environmentally compatible food packaging /  |c edited by Emo Chiellini 
260 |a Boca Raton :   |a Cambridge :   |b CRC Press,   |b Woodhead Publishing,   |c 2008 
300 |a xix, 568 σ.;  |b εικ.;  |c 24 εκ. 
490 1 |a Woodhead Publishing in food science, technology and nutrition 
504 |a Περιέχει βιβλιογραφικές παραπομπές και ευρετήριο 
650 0 0 |a Food  |x Packaging  |x Environmental aspects. 
650 0 0 |a Refuse and refuse disposal  |x Environmental aspects. 
700 1 |a Chiellini, Emo.  |4 edt 
830 0 |a Woodhead Publishing in food science, technology and nutrition 
852 |a INST  |b LESVOS  |e 20090326  |h 664.09 ENV  |p 005100044627  |q 005100044627  |t BK  |y 0 
901 |a BIBL1-2009-1 
909 |a Λ  |b 154070 
922 |a 1ΕΛΗ  |b 200809  |c ΕΠΕΑΕΚ2/ΤΠ  |d ΜΙΧΑΛΟΠΟΥΛΟΣ 
970 |a ΚΑΡΑ  |b ΓΙΑΣΕΜΗ  |z 2009/03/26